Metabolomics for personalized vaccinology /

"Metabolomics for Personalized Vaccinology provides insight into the importance of personalized vaccines in the clinical and research environments. It explores the development of personalized vaccines, which requires in-depth knowledge of the patient's health status, particularly the immun...

Full description

Bibliographic Details
Corporate Author: ScienceDirect (Online service)
Other Authors: Rahman, Mahbuba (Editor)
Format: eBook
Language:English
Published: London, United Kingdom ; San Diego, CA, United States : Academic Press, an imprint of Elsevier, [2024]
Series:Developments in applied microbiology and biotechnology
Subjects:
Online Access:Connect to the full text of this electronic book

MARC

Tag First Indicator Second Indicator Subfields
LEADER 00000cam a2200000 i 4500
001 in00005773549
005 20260327180135.1
006 m o d
007 cr cnu---unuuu
008 240726s2024 enka ob 001 0 eng d
040 |a YDX  |b eng  |e rda  |c YDX  |d OCLCO  |d OPELS  |d OCLCO  |d YDX  |d N$T  |d OCLCL 
020 |a 0443155275  |q electronic book 
020 |a 9780443155277  |q (electronic bk.) 
020 |z 9780443155260  |q paperback 
020 |z 0443155267  |q paperback 
035 |a (OCoLC)1449674424 
050 4 |a TP248.65.V32  |b M48 2024 
082 0 4 |a 615.3/72  |2 23/eng/20240807 
049 |a TXAM 
245 0 0 |a Metabolomics for personalized vaccinology /  |c edited by Mahbuba Rahman. 
264 1 |a London, United Kingdom ;  |a San Diego, CA, United States :  |b Academic Press, an imprint of Elsevier,  |c [2024] 
300 |a 1 online resource (xiii, 384 pages) :  |b color illustrations. 
336 |a text  |b txt  |2 rdacontent 
337 |a computer  |b c  |2 rdamedia 
338 |a online resource  |b cr  |2 rdacarrier 
490 0 |a Developments in applied microbiology and biotechnology 
504 |a Includes bibliographical references and index. 
520 |a "Metabolomics for Personalized Vaccinology provides insight into the importance of personalized vaccines in the clinical and research environments. It explores the development of personalized vaccines, which requires in-depth knowledge of the patient's health status, particularly the immune system, and on metabolomics, the closest indicator of the disease phenotype. Specifically, the book provides an understanding of how metabolomics might be employed in personalized vaccinology and how the metabolic pathway of the host's system is altered by vaccine administration. Over the past few years, researchers have published articles on personalized vaccines, but these are sparse. Therefore, compiling information on this topic gives the reader an overview of the progress of the field, despite being at its infancy. Metabolomics for Personalized Vaccinology is ideally suited for researchers and postgraduate students who are interested in clinical and nonclinical studies where metabolites are used for the identification of disease and therapeutic targets." --  |c Provided by publisher. 
588 |a Description based on online resource; title from digital title page (viewed on October 15, 2024). 
650 0 |a Vaccines  |x Biotechnology. 
650 6 |a Vaccins  |x Biotechnologie. 
655 7 |a Electronic books.  |2 local 
700 1 |a Rahman, Mahbuba,  |e editor. 
710 2 |a ScienceDirect (Online service) 
776 0 8 |i Print version:  |z 0443155267  |z 9780443155260  |w (OCoLC)1389605997 
856 4 0 |u http://proxy.library.tamu.edu/login?url=https://www.sciencedirect.com/science/book/9780443155260  |z Connect to the full text of this electronic book  |t 0 
955 |a Elsevier ScienceDirect 2026-2027 
994 |a 92  |b TXA 
999 f f |i 383d409f-f97e-4693-b9e6-5d669e018a2a  |s 5731db9e-be3d-41ce-bd22-2347bbb73ba5  |t 0 
952 f f |a Texas A&M University  |b College Station  |c Electronic Resources  |s www_evans  |d Available Online  |t 0  |e TP248.65.V32 M48 2024  |h Library of Congress classification 
998 f f |a TP248.65.V32 M48 2024  |t 0  |l Available Online